000 00589nam a2200205Ia 4500
005 20250923150039.0
008 008 250917s9999 xx 000 0 eng d
037 _aTextual
040 _aDSWL
_beng
_cDSWL
041 _aeng
_2eng
084 _aT:3(R37).2, N97
_qDSWL
100 _aNanda, R.T.
_9841636
245 0 _aContemporary approaches to value education in India
_c by R.T. Nanda
260 _aNew Delhi
_bRegency Publication
_c1997
300 _a344 p.
365 _aINR
_b500
925 _g500
942 _cTEXL
_hT:3(R37).2, N97
999 _c1458940
_d1458940